000 00327 a2200145 4500
001 177569
020 _a
040 _cMagnum
100 _aGrupo Projetar
240 1 0 _aVivencias uma aprendizagem efetiva
_lpor
245 1 0 _aVivencias uma aprendizagem efetiva
362 0 _a1899
697 _aMAGNITO: ENSINO
942 _cBK
999 _c177569
_d177569